Cioran, Eliade, Ionesco, l'oubli du fascisme
Kaydedildi:
| Yazar: | |
|---|---|
| Materyal Türü: | Kitap |
| Dil: | Fransızca |
| Baskı/Yayın Bilgisi: |
París
Universitaires de France
2002
|
| Edisyon: | 1a. ed |
| Konular: | |
| Etiketler: |
Etiketle
Etiket eklenmemiş, İlk siz ekleyin!
|
MARC
| LEADER | 00000nam a2200000 a 4500 | ||
|---|---|---|---|
| 001 | UCK5354 | ||
| 003 | CL-VaPUC | ||
| 008 | 050722e20020000FR |||||||||||||||||fre|d | ||
| 020 | |a 2130517838 | ||
| 082 | 0 | 4 | |a 109.2 |b LAI |2 21 |
| 100 | 0 | |a Laignel-Lavastine, Alexandra |e author |9 494103 | |
| 245 | 1 | 0 | |a Cioran, Eliade, Ionesco, l'oubli du fascisme |
| 250 | |a 1a. ed | ||
| 300 | |a 552 p | ||
| 942 | |c BK | ||
| 945 | |d 20050722 00:00:00 |a cmena | ||
| 260 | |a París |b Universitaires de France |c 2002 | ||
| 650 | 7 | |a FILOSOFIA RUMANA |2 CL-VaPUC |9 490684 | |
| 650 | 0 | |a Historia de la filosofía |9 256920 | |
| 650 | 7 | |a FILOSOFOS RUMANOS |2 CL-VaPUC |9 408080 | |
| 650 | 0 | |a Fascismo |9 255687 | |
| 583 | |a last modification |c 20050722 00:00:00 |k Rodrigo Vera | ||
| 999 | |c 313928 |d 313926 | ||
| 952 | |0 0 |1 0 |4 0 |6 109_200000000000000_LAI_2002 |7 0 |8 A |9 385727 |a BIBTEO |b BIBTEO |d 2019-11-22 |i 4126645 |o 109.2 LAI 2002 |p 4126645 |r 2025-01-17 |w 2019-11-22 |y BK |k ICR | ||